| 000 -LEADER |
| fixed length control field |
01066nam a2200241Ia 4500 |
| 001 - CONTROL NUMBER |
| control field |
9357 |
| 003 - CONTROL NUMBER IDENTIFIER |
| control field |
GE_BSU |
| 008 - FIXED-LENGTH DATA ELEMENTS--GENERAL INFORMATION |
| fixed length control field |
181216s||||||||xx |||||||||||||| ||und|| |
| 040 ## - CATALOGING SOURCE |
| Transcribing agency |
GE_BSU |
| 080 ## - UNIVERSAL DECIMAL CLASSIFICATION NUMBER |
| Universal Decimal Classification number |
821.353.1–32 |
| 100 ## - MAIN ENTRY--PERSONAL NAME |
| Personal name |
მელანია(ნათიძე ნიკოლოზ) |
| 245 ## - TITLE STATEMENT |
| Title |
ქედნის ღუღუნი |
| 245 ## - TITLE STATEMENT |
| Remainder of title |
მოთხრობები |
| 245 ## - TITLE STATEMENT |
| Statement of responsibility, etc. |
წ. შეადგინა, ბოლოსიტყვ.ბიბლიოგრ. და სიტყვების ახსნა დაურთო:ქეთო ხაჩიაშვილმა; რედ. გრ.ჩიქოვანი.მხატვ.ე.თუხარელი |
| 260 ## - PUBLICATION, DISTRIBUTION, ETC. |
| Place of publication, distribution, etc. |
თბილისი |
| 260 ## - PUBLICATION, DISTRIBUTION, ETC. |
| Name of publisher, distributor, etc. |
ლიტერატურა და ხელოვნება |
| 260 ## - PUBLICATION, DISTRIBUTION, ETC. |
| Date of publication, distribution, etc. |
1965 |
| 300 ## - PHYSICAL DESCRIPTION |
| Extent |
453გვ .1ფ.პორტრ.20სმ. |
| 300 ## - PHYSICAL DESCRIPTION |
| Accompanying material |
ბიბლიოგრ. გვ. 451-452 |
| 653 ## - INDEX TERM--UNCONTROLLED |
| Uncontrolled term |
მოთხრობები |
| 653 ## - INDEX TERM--UNCONTROLLED |
| Uncontrolled term |
ქედნის ღუღუნი |
| 942 ## - ADDED ENTRY ELEMENTS (KOHA) |
| Koha item type |
წიგნი |